|
|
|
|
| LEADER |
01393nam a22002657a 4500 |
| 001 |
AAL4319 |
| 003 |
BD-DhAAL |
| 005 |
20160323095034.0 |
| 008 |
160323s 2003bg ||||| b||| 00| 0 ben d |
| 020 |
|
|
|a 9847510407
|
| 040 |
|
|
|a BD-DhAAL
|c BD-DhAAL
|
| 082 |
|
|
|a 307.7/2/095492
|
| 100 |
|
|
|a চৌধুরী, আনোয়ারউল্লাহ
|9 18747
|
| 245 |
|
|
|a বানংলাদেশের একটি গ্রাম :
|b সামাজিক স্তরবিন্যাসের একটি সমীক্ষা /
|c আনোয়ারউল্লাহ চৌধুরী, অনূদিত মুহম্মদ হাবিবুর রহমান, মোহাম্মদ ইমদাদুল হক
|
| 260 |
|
|
|a ঢাকা :
|b মৌলি প্রকাশনী,
|c ২০০৩
|
| 300 |
|
|
|a ১২৮ পৃ. ;
|c ২২ সে.মি.
|
| 504 |
|
|
|6 Includes bibliography
|
| 541 |
|
|
|e 4319
|
| 650 |
|
|
|a Villages
|z Bangladesh
|9 18748
|
| 700 |
|
|
|a রহমান, মুহম্মদ হাবিবুর
|9 18749
|
| 700 |
|
|
|a হক, মোহাম্মদ ইমদাদুল
|9 18750
|
| 852 |
|
|
|a Savar Campus Library
|c General Shelf
|
| 942 |
|
|
|2 ddc
|c BK
|
| 999 |
|
|
|c 37205
|d 37205
|
| 952 |
|
|
|0 0
|1 0
|2 ddc
|4 0
|6 307_700000000000000_2_095492_CHO
|7 0
|9 58488
|a SCL
|b SCL
|c GEN
|d 2016-03-23
|g 100.00
|l 0
|o 307.72095492 CHO
|p 3020004319
|r 2016-03-23
|t 1
|w 2016-03-23
|y BK
|